01214nab a22002297a 4500003000400000005001700004008004100021040000700062100002200069245015600091260007300247300001600320500002600336505017800362505011000540505008200650650001800732650002000750650003200770650003100802773015100833OSt20250213104015.0190429b xxu||||| |||| 00| 0 spa d cPJ aFusco, Leandro E.10aDerecho al recurso y tenencia simple de estupefacientes en el caso "A." del Tribunal de Casación de la Provincia de Buenos Aires /cLeandro E. Fusco. cCiudad Autónoma de Buenos Aires :aThomson Reuters La Ley, b2025. ap. 246-253. aCita: AR/DOC/76/2025. aSumario: I. Introducción.— II. La doctrina de los fallos "Diez" y "Vega Giménez" de la CS.— III. Análisis del fallo de la casación.— IV. Reflexiones finales.  aFallos comentados: TCasación Penal, Buenos Aires, sala V ~ 08/08/2024 ~ A., E. N. s/ recurso de queja. tSi te interesa el texto completo, solicitalo a koha@justierradelfuego.gov.ar  0aDERECHO PENAL 0aDOBLE INSTANCIA 0aTENENCIA DE ESTUPEFACIENTES 0aCULTIVO DE ESTUPEFACIENTES0 02658tRevista de derecho penal y criminología. Nº 1 - Febrero 2025dCiudad Autónoma de Buenos Aires : Thomson Reuters La Ley, 2017-x00347914